Rock Bands By Member - Statistics

General Stats
  • This quiz has been taken 160 times
  • The average score is 6 of 15
Answer Stats
Band Member Band % Correct
Kurt Cobain Nirvana
96%
Brian May Queen
88%
Malcolm Young AC/DC
74%
David Lee Roth Van Halen
74%
Dolores O'Riordan The Cranberries
63%
Andy Summers The Police
54%
Geddy Lee Rush
53%
Mike Kroeger Nickelback
23%
Ian Brown The Stone Roses
16%
Frank Iero My Chemical Romance
13%
Philip Selway Radiohead
11%
Brad Delson Linkin Park
9%
Richie Faulkner Judas Priest
8%
Dave Baksh Sum 41
4%
Christopher Ward Ramones
1%
No matching quizzes found
Score Distribution
Percent of People with Each Score
Percentile by Number Answered
Your Score History
You have not taken this quiz